|
|
|
|
| LEADER |
00000nab a2200000 a 4500 |
| 001 |
vtls000267553 |
| 003 |
SK-MaSNL |
| 005 |
20260302214403.0 |
| 008 |
111130c1986 xo 0 slo |
| 015 |
|
|
|a SNBRB19rr/mm-uuuuu
|
| 035 |
|
|
|a CL0277667
|
| 040 |
|
|
|a SNKBUCL
|b slo
|c SNKBUCL
|e AACR2
|
| 041 |
0 |
|
|a slo
|
| 044 |
|
|
|a xo
|c SK
|
| 080 |
|
|
|a 002.61:3(100-11)
|2 1981
|
| 080 |
|
|
|a 3(100-11)
|2 1981
|
| 100 |
1 |
|
|a Čelková, Ľudmila,
|d 1944-
|4 aut
|9 97615
|
| 245 |
1 |
0 |
|a Otázky knihovníctva a informácií v systéme MISON
|c Ľudmila Čelková
|
| 650 |
0 |
7 |
|a MISON (systém automatizovaný medzinárodný)
|2 snkbucl
|9 941592
|
| 655 |
|
7 |
|a články z novín a časopisov
|2 snkbucl
|9 267496
|
| 655 |
|
7 |
|a články z odboru knihovníctvo
|2 snkbucl
|9 166141
|
| 773 |
0 |
|
|t Informácie a materiály
|g Č. 169 (1986), s. 26-34
|
| 850 |
|
|
|a Slovenská národná knižnica v Martine
|a MTA001
|
| 852 |
|
|
|a SNK
|b KIS3GCP
|
| 958 |
|
|
|a RK
|
| 958 |
|
|
|a KL
|
| 992 |
|
|
|a RBX
|
| 999 |
|
|
|c 1497751
|d 1499681
|